00319nam a2200121Ia 4500008004100000041000800041082001700049100001400066245004500080260003500125300002400160365001300184240624s9999 xx 000 0 und d aeng a658.4063 RIE aRIES ERIC aLEAN STARTUP HOW CONSTANT INNOVATION CRE c2011aIndiabPortfolio Penguin a320 : p. : cm. ; 22 cRSb28.5